¡Tiberio vive hoy! : testimonios de la vida de un mártir, Tiberio Fernández Mafla / (Registro nro. 3937)

Detalles MARC
000 -LEADER
fixed length control field 01328nam a2200265Ia 4500
003 - CONTROL NUMBER IDENTIFIER
control field OSt
005 - DATE AND TIME OF LATEST TRANSACTION
control field 20200505110608.0
008 - FIXED-LENGTH DATA ELEMENTS--GENERAL INFORMATION
fixed length control field 191128s2015 ck ao gr 000 0 spa d
020 ## - INTERNATIONAL STANDARD BOOK NUMBER
International Standard Book Number 9789585888760
040 ## - CATALOGING SOURCE
Original cataloging agency CO-JMCR
Transcribing agency CO-JMCR
041 1# - LANGUAGE CODE
Language code of text/sound track or separate title spa
082 04 - DEWEY DECIMAL CLASSIFICATION NUMBER
Classification number 305.90695 /
Item number T553t
245 #0 - TITLE STATEMENT
Title ¡Tiberio vive hoy! : testimonios de la vida de un mártir, Tiberio Fernández Mafla /
245 #0 - TITLE STATEMENT
Statement of responsibility, etc. Habitantes de Trujillo (Valle) ; diseño Lina M. Trigos C.
250 ## - EDITION STATEMENT
Edition statement Segunda edición
260 ## - PUBLICATION, DISTRIBUTION, ETC.
Place of publication, distribution, etc. Bogotá :
Name of publisher, distributor, etc. Centro de Memoria Histórica,
Date of publication, distribution, etc. 2015
300 ## - PHYSICAL DESCRIPTION
Extent 172 páginas :
Other physical details fotografías ;
Dimensions 28 cm.
505 ## - FORMATTED CONTENTS NOTE
Formatted contents note Trujillo escenario de terror y muerte -- La familia donde crecí vida vivida -- Sueños y resistencia, evangelio hecho vida -- Trujillo, una gota de esperanza en un mar de impunidad
520 ## - SUMMARY, ETC.
Summary, etc. Este libro es ante todo una construcción colectiva en la cual,de puño y letra de los miembros de la comunidad,se registra el impacto del asesinato del padre Tiberio Fernándes Mafla, un lider a la vez religioso,social y se documentan las huellas de memoria
650 14 - SUBJECT ADDED ENTRY--TOPICAL TERM
Topical term or geographic name entry element Fernández Mafla, Tiberio
General subdivision muerte
9 (RLIN) 3916
650 24 - SUBJECT ADDED ENTRY--TOPICAL TERM
Topical term or geographic name entry element Víctimas de la violencia
Geographic subdivision Trujillo
9 (RLIN) 3917
650 24 - SUBJECT ADDED ENTRY--TOPICAL TERM
Topical term or geographic name entry element Historia
Geographic subdivision Trujillo, Colombia
9 (RLIN) 3918
700 1# - ADDED ENTRY--PERSONAL NAME
Personal name Trigos, C., Lina M.,
Relator term diseñadora
9 (RLIN) 3919
942 ## - ADDED ENTRY ELEMENTS (KOHA)
Source of classification or shelving scheme Dewey Decimal Classification
Koha item type Books
Existencias
Withdrawn status Lost status Source of classification or shelving scheme Materials specified (bound volume or other part) Damaged status Not for loan Home library Current library Shelving location Date acquired Source of acquisition Cost, normal purchase price Total Checkouts Full call number Barcode Date last seen Date last checked out Copy number Price effective from Koha item type Collection code
    Dewey Decimal Classification Donación--10/04/2018--     Biblioteca Pública José María del Castillo y Rada Biblioteca Pública José María del Castillo y Rada General Stacks 11/28/2019 Donación 0.00 1 305.906 T86t 201808736 07/22/2024 07/22/2024 Ej.1 11/28/2019 Books  
    Dewey Decimal Classification       Biblioteca Pública José María del Castillo y Rada Biblioteca Pública José María del Castillo y Rada General Stacks 11/11/2023 Donación   1 305.906 T86t 201812037 07/22/2024 07/22/2024 Ej. 2 04/02/2024 Books Non-fiction